{"text_format":"3","workbook":"xlsx","n_sheets":1,"sheets":["材料控制价"],"not_rendered":{"defined_names":3},"read":"whole","date_system":"1900"}

{"sheet":"材料控制价","index":0,"n_rows":37,"n_cols":9,"rows_kept":37,"merged":[[0,0,0,8],[1,0,2,0],[1,1,2,1],[1,2,2,2],[1,3,2,3],[1,4,2,4],[1,5,1,6],[1,7,1,8],[35,0,35,5],[36,0,36,8]]}
["蒙顶山精准旅游扶贫项目《皇茶制作体验中心》勘察、设计、施工（EPC）总承包电缆采购报价表"]
["序号","项目名称","项目特征描述","计量\r\n单位","工程量","控制价（不含税）",null,"供应商报价（不含税）"]
[{"$nulls":5},"综合单价/元","合价/元","综合单价/元","合价/元"]
[1,"旗舰店照明电缆","WDZ-YJY-（4X95.0+1X50.0）","米",278,297.24,{"$f":"ROUND(E4*F4,2)","v":82632.72}]
[2,"旗舰店总坪配电柜电缆","ZR-YJV-0.6/1kv-(5x16)","米",296,57.46,17008.16]
[3,"厂房配电屏AP1电缆","WDZ-YJY （4X150+1X95）","米","2*206",477.01,{"$f":"ROUND(2*206*F6,2)","v":196528.12}]
[4,"厂房配电屏AP4电缆","WDZ-YJY （4X150+1X95）","米","2*250",477.01,{"$f":"ROUND(2*250*F7,2)","v":{"v":238505,"d":"238505.00"}}]
[5,"厂房配电屏AP6电缆","WDZ-YJY （4X185+1X95）","米","2*324",578.2,{"$f":"ROUND(2*324*F8,2)","v":{"v":374673.6,"d":"374673.60"}}]
[6,"厂房配电屏AP3电缆","WDZ-YJY （4X95+1X50）","米",254,297.24,75498.96]
[7,"厂房配电屏AP5电缆","WDZ-YJY （4X95+1X50）","米",272,297.24,80849.28]
[8,"厂房配电屏AP2电缆","WDZ-YJY （4X185.0+1X95.0）","米","2*180",578.2,{"$f":"ROUND(2*180*F11,2)","v":{"v":208152,"d":"208152.00"}}]
[9,"厂房照明电缆","WDZ-YJY-（4X35.0+1X16.0）","米",295,113.57,{"$f":"ROUND(E12*F12,2)","v":33503.15}]
[10,"厂房货梯电缆","WDZ-YJY-（4X35.0+1X16.0）","米",306,113.57,34752.42]
[11,"总坪配电屏电缆","ZR-YJV-0.6/1kv-(5x16)","米",210,57.46,{"v":12066.6,"d":"12066.60"}]
[12,"厂房配电柜电缆AP1WP1","WDZ-YJY-1(4x50+1x25)","米",28,158.21,4429.88]
[13,"厂房配电柜电缆AP1WP2","WDZ-YJY-1(4x35+1x16)","米",20,113.57,{"v":2271.4,"d":"2271.40"}]
[14,"厂房配电柜电缆AP1Wp3","WDZ-YJY-1(4x120+1x70)","米",34,382.84,13016.56]
[15,"厂房配电柜电缆AP2WP1","WDZ-YJY-1(4x240+1x120)","米",37,760.07,28122.59]
[16,"厂房配电柜电缆AP2WP2","WDZ-YJY-1(4x50+1x25)","米",24,158.21,3797.04]
[17,"厂房配电柜电缆AP3WP1","WDZ-YJY-1(4x35+1x16)","米",56,113.57,6359.92]
[18,"厂房配电柜电缆AP3WP2","WDZ-YJY-1(4x35+1x16)","米",41,113.57,4656.37]
[19,"厂房配电柜电缆AP3WP3","WDZ-YJY-1(4x25+1x16)","米",27,86.19,2327.13]
[20,"厂房配电柜电缆AP4WP1","WDZ-YJY-1(4x240+1x120)","米",33,760.07,25082.31]
[21,"厂房配电柜电缆AP4WP2","WDZ-YJY-1(4x35+1x16)","米",19,113.57,2157.83]
[22,"厂房配电柜电缆AP5WP1","WDZ-YJY-1(4x25+1x16)","米",51,86.19,4395.69]
[23,"厂房配电柜电缆AP5WP2","WDZ-YJY-1(4x35+1x16)","米",43,113.57,4883.51]
[24,"厂房配电柜电缆AP5WP3","WDZ-YJY-1(5x16)","米",11,59.23,651.53]
[25,"厂房预留电源APdk2","WDZ-YJV（5x16）","米",120,59.23,{"v":7107.6,"d":"7107.60"}]
[26,"负一层预留电源APdk1","WDZ-YJV（4x70+1x35）","米",10,222.06,{"v":2220.6,"d":"2220.60"}]
[27,"厂房一层照明","WDZ-YJV（5x6）","米",54,24.99,1349.46]
[28,"厂房负一层照明","WDZ-YJV（5x6）","米",10,24.99,{"v":249.9,"d":"249.90"}]
[29,"厂房负二层照明","WDZ-YJV（5x6）","米",16,24.99,399.84]
[30,"总坪照明","ZR-YJV-0.6/1kv-(3x2.5)","米",674,6.77,4562.98]
[31,"室外洗墙灯","ZR-YJV-0.6/1kv-(3x4)","米",184,9.96,1832.64]
[32,"室外洗墙灯","ZR-YJV-0.6/1kv-(2x4)","米",100,7.6,{"v":760,"d":"760.00"}]
["合计：",{"$nulls":5},{"$f":"ROUND(SUM(G4:G35),2)","v":1474804.79},"合计："]
["备注：\n    1.报价均保留小数点后两位。\n    2.以上数量为暂定数量、暂定总价（不含税）XXXX元；暂定含税总价 XXXX元，税率 X%，税额XXXX 元，结算实际发生的数量为准。\n    3.上述综合单价为不含税固定综合单价，包括但不限于人工费、材料费、机械费、管理费、利润、等一切费用。\n    4.税率如遇国家的税率下调，则价税合计相应调整，以开具发票的时间为准\n\n\n                                                                         投标人：                    （盖章）\n                                                                        时  间：        年        月       日                                                       \n"]